Political Ideologies (Record no. 229901)

MARC details
000 -LEADER
fixed length control field 03008nam a22002297a 4500
005 - DATE AND TIME OF LATEST TRANSACTION
control field 20250805102341.0
008 - FIXED-LENGTH DATA ELEMENTS--GENERAL INFORMATION
fixed length control field 240222b ||||| |||| 00| 0 eng d
020 ## - INTERNATIONAL STANDARD BOOK NUMBER
International Standard Book Number 9789354356124
040 ## - CATALOGING SOURCE
Transcribing agency AL
041 ## - LANGUAGE CODE
Language code of text/sound track or separate title English
082 ## - DEWEY DECIMAL CLASSIFICATION NUMBER
Edition number 23
Classification number 320.5
Item number HEYP
100 ## - MAIN ENTRY--PERSONAL NAME
Personal name Andrew Heywood
100 ## - MAIN ENTRY--PERSONAL NAME
9 (RLIN) 233880
245 ## - TITLE STATEMENT
Title Political Ideologies
Remainder of title : An Introduction Ed 7
250 ## - EDITION STATEMENT
Edition statement 7
260 ## - PUBLICATION, DISTRIBUTION, ETC.
Place of publication, distribution, etc. New Delhi
Name of publisher, distributor, etc. Bloomsbury
Date of publication, distribution, etc. 2022
300 ## - PHYSICAL DESCRIPTION
Extent xiv,292p
Other physical details PB
Dimensions 24x16.7 cm
365 ## - TRADE PRICE
Price type code 7805
Price amount ₹479.00
Currency code
Unit of pricing ₹599.00
Price note 20%
Price effective from 19-02-2024
520 ## - SUMMARY, ETC.
Summary, etc. Offering an unparalleled, sweeping survey of the political ideologies that have shaped our world, the seventh edition of Andrew Heywood's seminal undergraduate textbook continues to lead the way in guiding students through the political creeds and doctrines that have dominated politics past and present. Covering an impressive array of topics, the first half of the book focusses on traditional ideologies such as Conservatism, Socialism, Liberalism, Anarchism and Fascism, while more contemporary movements such as Populism, Feminism, Green Ideology, Multiculturalism and Religious Fundamentalism form the latter part of the text. Taking into account the remarkable events that have shaken the political sphere in recent years, the text has been revised and updated throughout in order to show how the study of political ideologies can elucidate the significance of such striking phenomena as the decline of liberal democracy and the rise of populist movements and authoritarianism around the world.<br/>The most accessible, concise and yet comprehensive introduction to the topic, this is an indispensable textbook for students studying for courses on political ideologies, political theory and introductory politics. It should be essential reading for anyone seeking to gain an understanding of political ideologies for the first time.<br/><br/>New to this Edition:<br/>A brand new chapter on Populism addressing the rise of populist movements across the world and the related decline of liberal democratic values<br/>More on sexualities, queer politics and trans issues in the chapter on Feminism; and a wider range of religions considered in the chapter on Religious Fundamentalism<br/>New Key Thinker boxes featuring a more diverse array of voices<br/>A fully revised concluding chapter on 'Why Political Ideologies Matter'<br/>Updated Political Ideologies in Action boxes reflecting on recent, major political events and their significant for political analysis<br/>A completely refreshed companion website comprising a testbank, PowerPoint slides, flashcard glossary, additional 'Political Ideologies in Action' cases, and interactive simulations
521 ## - TARGET AUDIENCE NOTE
Target audience note Table of Contents:<br/> 1. Introducing Political Ideologies 2. Liberalism 3. Conservatism 4. Socialism 5. Anarchism 6. Nationalism 7. Fascism 8. Populism 9. Feminism 10. Green Ideology 11. Multiculturalism 12. Religious Fundamentalism 13. Why Political Ideologies Matter.
650 ## - SUBJECT ADDED ENTRY--TOPICAL TERM
Topical term or geographic name entry element Political Science
9 (RLIN) 152175
942 ## - ADDED ENTRY ELEMENTS (KOHA)
Source of classification or shelving scheme Dewey Decimal Classification
Koha item type Book
Holdings
Withdrawn status Lost status Source of classification or shelving scheme Damaged status Not for loan Collection code Home library Current library Date acquired Source of acquisition Cost, normal purchase price Total Checkouts Full call number Barcode Date last seen Date last checked out Cost, replacement price Price effective from Koha item type
    Dewey Decimal Classification     Political Science St Aloysius Library St Aloysius Library 02/22/2024 Biblios Book Point Surathkal Mangalore 575014 479.00 1 320.5 HEYP 077137 09/23/2024 09/11/2024 599.00 02/22/2024 Book